000 00475nam a2200169 a 4500
001 2856
003 CO-ViMGA
008 141112s2004 ck r 000 u spa d
040 _aCO-ViMGA
_bspa
_cCO-ViMGA
082 0 4 _a720.9 T355
100 1 _aTellez, German
_951981
245 1 0 _aCasa colonial :
_barquitectura domestica neogranadina
260 _aSantafé de Bogotá :
_bVillegas,
_c1996
300 _a197 p : il
650 1 4 _aARQUITECTURA COLOMBIANA
_91514
942 _2ddc
_cBK
999 _c14926
_d14926